Score 0/13 Timer 04:00
0 Plays Today
Question Answer Wrong Answers
Delaware
72.5%
Pennyslvania
8.9%
Massachusetts
12%
Connecticut
4.3%
Rhode Island
71.3%
Vermont
15.9%
Maine
7.7%
Wisconsin
2.3%
Kansas
60%
Nebraska
12.9%
Colorado
10.7%
Oklahoma
13%
Indiana
59.7%
Illinois
30%
Iowa
4.7%
Idaho
2.3%
New Mexico
52%
Arizona
41.2%
Alaska
2.3%
Hawaii
1.5%
California
48.4%
Minnesota
38.8%
Oregon
5.9%
Washington
3.9%
New Jersey
42.2%
New York
30.6%
New Hampshire
23.5%
New Mexico
1%
Missouri
40.4%
Michigan
52.4%
North Dakota
2%
South Dakota
2.3%
South Carolina
33.3%
North Carolina
51.3%
Texas
3.8%
Louisiana
8.9%
Nevada
33.3%
Montana
16.5%
Wyoming
19.5%
Utah
28%
Kentucky
32%
Tennessee
13.5%
Ohio
34.7%
West Virginia
16.9%
Georgia
22.1%
Virginia
41.9%
South Carolina
7.4%
Maryland
26%
Mississippi
18.4%
Alabama
38.4%
Florida
33.8%
Arkansas
6.8%
Come Together.
Have Fun.
All Virtual.
We all need to come together. Play Sporcle's virtual live trivia to have fun, connect with people, and get your trivia on. Join a live hosted trivia game for your favorite pub trivia experience done virtually. If a virtual private party is more your thing, go here for details.

You're not logged in!

Compare scores with friends on all Sporcle quizzes.
OR
Log In

Sporcle TV

Today on Sporcle TV


Watch our educational content, quiz creation guides, and fun videos on Sporcle TV.

Show Comments

Extras

Top Quizzes Today


Score Distribution

Paid Content

Your Account Isn't Verified!

In order to create a playlist on Sporcle, you need to verify the email address you used during registration. Go to your Sporcle Settings to finish the process.

Report this User

Report this user for behavior that violates our Community Guidelines.

Details: